|
|
|
|
| LEADER |
01106nam a22002777a 4500 |
| 001 |
28262 |
| 003 |
BD-DhAAL |
| 008 |
140901s2008 nyuae b 001 0 eng d |
| 999 |
|
|
|c 32905
|d 32905
|
| 010 |
|
|
|a 28262
|
| 020 |
|
|
|a 9780500342381 (hbk.)
|
| 040 |
|
|
|a JNA
|c JNA
|d DLC
|d BD-DhAAL
|
| 050 |
0 |
0 |
|a NA1511
|b .R63 2008
|
| 082 |
0 |
0 |
|a 720.959090511
|2 22
|
| 100 |
1 |
|
|a Robson, David G.
|9 5548
|
| 245 |
1 |
0 |
|a Beyond Bawa /
|c David Robson ; with photographys by Richard Powers.
|b modern masterworks of monsoon asia
|
| 260 |
|
|
|a New York :
|b Thames & Hudson,
|c 2008.
|
| 300 |
|
|
|a 264 p. :
|b ill. (some col.), plans ;
|c 29 cm.
|
| 504 |
|
|
|a Includes bibliographical references (p. 260-262) and index.
|
| 526 |
|
|
|a ARC
|
| 541 |
|
|
|e 28262
|
| 600 |
1 |
0 |
|a Bawa, Geoffrey,
|d 1919-2003.
|9 5549
|
| 650 |
|
0 |
|a Architecture
|z Southeast Asia
|x History
|y 21st century.
|9 5550
|
| 700 |
1 |
|
|a Bawa, Geoffrey,
|d 1919-2003.
|9 5551
|
| 942 |
|
|
|2 ddc
|c BK
|0 1
|
| 952 |
|
|
|0 0
|1 0
|2 ddc
|4 0
|6 720_959090511000000_ROB
|7 0
|9 43616
|a BRACUL
|b BRACUL
|c GEN
|d 2014-09-01
|e Karim International
|l 19
|m 229
|o 720.959090511 ROB
|p 3010028262
|r 2026-03-09
|s 2026-03-03
|t 1
|w 2014-09-01
|y BK
|